000 00656nam a2200229 a 4500
001 000043323
003 DO-SdBNP
005 20240530073922.0
007 ta
008 140310s2000 dr 000 f spa d
040 _aDO-SdBNP
_bspa
_cBNPHU
082 4 _aRD863.44
_bC957d
_222
100 1 _aCruz Mejía, Rose mary
_970961
245 1 0 _aDel anochecer al alba /
_cRose mary Cruz Mejía.
260 _a[Santo Domingo] :
_bAzteca,
_c2000.
300 _a112 p. ;
_c21 cm.
590 _aInventariado, 2020/LP
650 0 _aNovela dominicana
_9223
650 0 _aLiteratura dominicana.
_967
910 _aValidado. Control de calidad MFF
942 _2ddc
_cLBS1
999 _c42812
_d42812